[Event "M.Botvinnik Memorial 2012"]
[Site "St. Petersburg, Russia"]
[Date "2012.08.29"]
[Round "5.20"]
[White "Baryshpolets, Andrey"]
[Black "Gladkov, Kirill"]
[Result "1-0"]
[WhiteElo "2513"]
[BlackElo "2158"]
[PlyCount "163"]
[EventDate "2012.08.25"]

1. c4 c5 2. Nf3 Nc6 3. d4 cxd4 4. Nxd4 Nf6 5. Nc3 g6 6. e4 Bg7 7. Be3 d6 8. Be2
O-O 9. O-O Nd7 10. Rc1 a5 11. Ndb5 b6 12. f4 Bb7 13. Bd3 Na7 14. Nd4 e5 15.
Nde2 Nc5 16. f5 Qh4 17. Qd2 f6 18. Ng3 Rad8 19. Bc2 Nc8 20. a3 Ne7 21. Rce1
gxf5 22. Nxf5 Nxf5 23. Rxf5 Bc8 24. Rf3 Kh8 25. b4 axb4 26. axb4 Bg4 27. bxc5
Bxf3 28. gxf3 dxc5 29. Nd5 Rd6 30. Qf2 Qh5 31. Ne7 Bh6 32. Kh1 Bxe3 33. Qxe3
Rfd8 34. Nd5 Qh4 35. Bd3 Rg8 36. Ra1 Qh3 37. Qf2 Qd7 38. Qh4 Qg7 39. Qf2 f5 40.
Rg1 Qxg1+ 41. Qxg1 Rxg1+ 42. Kxg1 f4 43. Kg2 Kg7 44. Bc2 Rg6+ 45. Kf1 Kf8 46.
Ba4 Kf7 47. Bb5 Rh6 48. Kg2 Rg6+ 49. Kh1 h5 50. Bd7 Rg8 51. Nxb6 Ke7 52. Bf5
Kd6 53. Nc8+ Kc7 54. Na7 Kb6 55. Nb5 Ka5 56. Be6 Rg6 57. Bf7 Rf6 58. Bd5 Rg6
59. Na7 Kb6 60. Nc8+ Kc7 61. Ne7 Ra6 62. Bf7 h4 63. Kg2 Ra2+ 64. Kh3 Rf2 65.
Ng6 Rxf3+ 66. Kg4 Re3 67. Nxe5 f3 68. Nxf3 Rxe4+ 69. Kh3 Rf4 70. Bd5 Kd6 71.
Nxh4 Rf6 72. Kg4 Rf2 73. Nf3 Ke7 74. Kf5 Re2 75. h4 Kf8 76. Kf6 Rg2 77. h5 Ra2
78. h6 Ra6+ 79. Be6 Ra3 80. Ng5 Ra2 81. h7 Rh2 82. Bh3 1-0

[Event "M.Botvinnik Memorial 2012"]
[Site "St. Petersburg, Russia"]
[Date "2012.08.29"]
[Round "5.21"]
[White "Iljiushenok, Ilia"]
[Black "Levin, Evgeny A"]
[Result "1/2-1/2"]
[WhiteElo "2413"]
[BlackElo "2512"]
[PlyCount "86"]
[EventDate "2012.08.25"]

1. e4 e6 2. d4 d5 3. e5 c5 4. c3 Nc6 5. Nf3 Bd7 6. a3 c4 7. b3 cxb3 8. Qxb3 Na5
9. Qc2 Bc6 10. Bd3 h6 11. O-O Ne7 12. Re1 Nc8 13. Nbd2 Nb6 14. a4 Qd7 15. Ba3
Bxa3 16. Rxa3 Nxa4 17. c4 dxc4 18. Be4 b5 19. Bxc6 Qxc6 20. Ne4 Rd8 21. Nd6+
Rxd6 22. exd6 O-O 23. Ne5 Qxd6 24. Rg3 Qxd4 25. Qc1 Rd8 26. Nf3 Qd6 27. Rg4 Kf8
28. Rd4 Qe7 29. Rxd8+ Qxd8 30. Rd1 Qc7 31. Qb1 Nb3 32. Qh7 c3 33. Qc2 Nb2 34.
Re1 Na5 35. Qh7 c2 36. Rc1 f5 37. Nd4 Qc4 38. Qh8+ Kf7 39. Qd8 Nb3 40. Nxb3
Qxb3 41. Qc7+ Kg6 42. Rxc2 a5 43. h4 Nc4 1/2-1/2

[Event "M.Botvinnik Memorial 2012"]
[Site "St. Petersburg, Russia"]
[Date "2012.08.29"]
[Round "5.22"]
[White "Zavoronkov, Vladimir"]
[Black "Belozerov, Andrei"]
[Result "1/2-1/2"]
[WhiteElo "2384"]
[BlackElo "2504"]
[PlyCount "50"]
[EventDate "2012.08.25"]

1. e4 c5 2. Nf3 d6 3. d4 cxd4 4. Nxd4 Nf6 5. Nc3 Nc6 6. Bg5 e6 7. Qd2 Be7 8.
O-O-O O-O 9. f4 Nxd4 10. Qxd4 Qa5 11. Bc4 Bd7 12. h4 Bc6 13. e5 dxe5 14. fxe5
Bc5 15. Qf4 Nd5 16. Bxd5 exd5 17. Rh3 f6 18. exf6 d4 19. Ne4 Qxa2 20. Nxc5 Qa1+
21. Kd2 Qa5+ 22. Kc1 Qa1+ 23. Kd2 Qa5+ 24. Kc1 Qa1+ 25. Kd2 Qa5+ 1/2-1/2

[Event "M.Botvinnik Memorial 2012"]
[Site "St. Petersburg, Russia"]
[Date "2012.08.29"]
[Round "5.23"]
[White "Solovjov, Sergey I"]
[Black "Inarkiev, Ernesto"]
[Result "0-1"]
[WhiteElo "2365"]
[BlackElo "2683"]
[PlyCount "62"]
[EventDate "2012.08.25"]

1. e4 c5 2. Nf3 e6 3. d4 cxd4 4. Nxd4 a6 5. Nc3 d6 6. g4 b5 7. Bg2 Bb7 8. Be3
Nd7 9. g5 Ne7 10. O-O h6 11. Qh5 g6 12. Qh3 Nb6 13. f4 Bg7 14. f5 hxg5 15. Qg4
Bxd4 16. Bxd4 e5 17. Be3 gxf5 18. exf5 Bxg2 19. Qxg2 f6 20. Rad1 Nc4 21. Bc1
Qb6+ 22. Kh1 O-O-O 23. Rd3 Rh6 24. b3 Na5 25. Be3 Qb7 26. Nd5 Nxd5 27. Rxd5 Nc6
28. c4 Ne7 29. Rd2 Qxg2+ 30. Rxg2 Rh4 31. Rc1 bxc4 0-1

[Event "M.Botvinnik Memorial 2012"]
[Site "St. Petersburg, Russia"]
[Date "2012.08.29"]
[Round "5.25"]
[White "Timofeev, Artyom"]
[Black "Sichinava, Zviad"]
[Result "1/2-1/2"]
[WhiteElo "2639"]
[BlackElo "2322"]
[PlyCount "61"]
[EventDate "2012.08.25"]

1. e4 e6 2. d4 d5 3. Nd2 dxe4 4. Nxe4 Nd7 5. Nf3 Ngf6 6. Bd3 Nxe4 7. Bxe4 Nf6
8. Bg5 Be7 9. Bxf6 Bxf6 10. c3 O-O 11. O-O Qd6 12. Qd3 g6 13. Qc4 Bd7 14. a4
Rab8 15. Rfe1 Rfc8 16. b4 a5 17. bxa5 c5 18. Qd3 cxd4 19. cxd4 Bc6 20. Rab1 Ra8
21. Bxc6 bxc6 22. Qd2 Rd8 23. Qc3 Bxd4 24. Nxd4 Qxd4 25. Qxc6 Rxa5 26. Ra1 Rda8
27. Red1 Qb4 28. Rdb1 Qd4 29. Rd1 Qb4 30. Rdb1 Qd4 31. Rd1 1/2-1/2

[Event "M.Botvinnik Memorial 2012"]
[Site "St. Petersburg, Russia"]
[Date "2012.08.29"]
[Round "5.26"]
[White "Khalifman, Alexander"]
[Black "Duzhakov, Ilya"]
[Result "1-0"]
[WhiteElo "2621"]
[BlackElo "2313"]
[PlyCount "57"]
[EventDate "2012.08.25"]

1. c4 c5 2. Nf3 Nc6 3. Nc3 Nf6 4. g3 g6 5. Bg2 Bg7 6. d4 cxd4 7. Nxd4 O-O 8.
O-O Ng4 9. e3 d6 10. b3 Nh6 11. Bd2 Bd7 12. Rc1 Rb8 13. h3 Nf5 14. Nf3 h5 15.
Qe2 a6 16. Rfd1 Ne5 17. Nxe5 Bxe5 18. Nd5 b5 19. c5 dxc5 20. Rxc5 Rc8 21. Bb4
Rxc5 22. Bxc5 Bd6 23. b4 Be6 24. e4 Ng7 25. Nxe7+ Bxe7 26. Rxd8 Bxd8 27. Bxf8
Kxf8 28. Qe3 Bxa2 29. Qd2 1-0

[Event "M.Botvinnik Memorial 2012"]
[Site "St. Petersburg, Russia"]
[Date "2012.08.29"]
[Round "5.27"]
[White "Biriukov, Oleg V"]
[Black "Maletin, Pavel"]
[Result "0-1"]
[WhiteElo "2332"]
[BlackElo "2587"]
[PlyCount "64"]
[EventDate "2012.08.25"]

1. d4 g6 2. e4 Bg7 3. c4 c5 4. Ne2 Qa5+ 5. Nbc3 Nf6 6. f3 O-O 7. Be3 d6 8. Qd2
Nc6 9. d5 Ne5 10. Ng3 h5 11. Be2 a6 12. O-O Bd7 13. a4 Qb4 14. b3 h4 15. Nh1
Nh5 16. Rfc1 f5 17. f4 Ng4 18. Bxg4 fxg4 19. a5 Qxb3 20. Rab1 Qxc4 21. Rxb7
Nxf4 22. Bxf4 Rxf4 23. Ne2 Qxe2 24. Qxe2 Bb5 25. Qd2 Bd4+ 26. Nf2 Raf8 27. Rb8
g3 28. Qxf4 gxf2+ 29. Kh1 Rxb8 30. Qh6 Rf8 31. Qxg6+ Bg7 32. Qe6+ Kh8 0-1

[Event "M.Botvinnik Memorial 2012"]
[Site "St. Petersburg, Russia"]
[Date "2012.08.29"]
[Round "5.28"]
[White "Epishin, Vladimir"]
[Black "Bazeev, German"]
[Result "1-0"]
[WhiteElo "2576"]
[BlackElo "2308"]
[PlyCount "77"]
[EventDate "2012.08.25"]

1. d4 Nf6 2. c4 g6 3. Nc3 d5 4. Nf3 Bg7 5. e3 c6 6. Be2 O-O 7. h3 c5 8. O-O
cxd4 9. exd4 Nc6 10. Re1 Bf5 11. Bg5 Ne4 12. Bh4 Nxc3 13. bxc3 dxc4 14. Bxc4
Qd6 15. Bb3 Bf6 16. Qe2 Rfe8 17. Rad1 Na5 18. c4 Nxb3 19. axb3 Bxh4 20. Nxh4
Bd7 21. Qe3 a5 22. Nf3 a4 23. bxa4 Rxa4 24. Ne5 Ra3 25. Qc1 Rea8 26. d5 R3a5
27. Qe3 Ba4 28. Rb1 Qc7 29. Qf4 Be8 30. Nxg6 Qxf4 31. Nxf4 b5 32. cxb5 Kf8 33.
b6 Rb8 34. Rb4 Rb5 35. Rbe4 Rb7 36. d6 e6 37. Rxe6 fxe6 38. Nxe6+ Kg8 39. Nd8
1-0

[Event "M.Botvinnik Memorial 2012"]
[Site "St. Petersburg, Russia"]
[Date "2012.08.29"]
[Round "5.29"]
[White "Rogozenco, Dorian"]
[Black "Myshkin, Nikita"]
[Result "1-0"]
[WhiteElo "2504"]
[BlackElo "2299"]
[PlyCount "63"]
[EventDate "2012.08.25"]

1. d4 Nf6 2. c4 e6 3. Nc3 Bb4 4. e3 O-O 5. Bd3 c5 6. Nf3 d5 7. O-O Nc6 8. a3
Bxc3 9. bxc3 Qc7 10. cxd5 exd5 11. a4 c4 12. Bc2 Bg4 13. Qe1 Rfe8 14. Nh4 Bh5
15. f3 Qe7 16. e4 dxe4 17. g4 Bg6 18. g5 Nh5 19. Nxg6 hxg6 20. fxe4 a6 21. a5
Qc7 22. Qf2 Re7 23. Ba3 Rd7 24. e5 Re8 25. Bd6 Qd8 26. h4 Nxa5 27. Rae1 Re6 28.
d5 Rexd6 29. exd6 f5 30. gxf6 gxf6 31. Bxg6 Rg7 32. Qg2 1-0

[Event "M.Botvinnik Memorial 2012"]
[Site "St. Petersburg, Russia"]
[Date "2012.08.29"]
[Round "5.30"]
[White "Pasiev, Rakhim"]
[Black "Neverov, Valeriy"]
[Result "1/2-1/2"]
[WhiteElo "2325"]
[BlackElo "2502"]
[PlyCount "102"]
[EventDate "2012.08.25"]

1. c4 f5 2. d4 Nf6 3. Nc3 e6 4. g3 Bb4 5. Bg2 O-O 6. Qc2 Nc6 7. Nf3 Ne4 8. O-O
Bxc3 9. bxc3 Na5 10. c5 b6 11. Nd2 Nxd2 12. Bxd2 Bb7 13. Bxb7 Nxb7 14. cxb6
axb6 15. e4 fxe4 16. Qxe4 Nd6 17. Qd3 Ra4 18. Bf4 Qe7 19. Rfe1 Nc4 20. Rab1 c6
21. d5 e5 22. dxc6 dxc6 23. Re2 b5 24. Rbe1 Qf7 25. Be3 Qf3 26. Qc2 Raa8 27.
Bc5 Rfd8 28. Be3 Rd5 29. h4 g6 30. Kh2 Qf5 31. Qc1 Qd3 32. Kg1 Ra3 33. Bd4 Ra8
34. Bxe5 Re8 35. Qg5 Nd2 36. Qf6 Nf3+ 37. Kg2 Rdxe5 38. Qxf3 Rxe2 39. Qxd3 Rxe1
40. a4 bxa4 41. Qc4+ R1e6 42. Qxa4 h5 43. Qc4 Kf7 44. Qc5 R8e7 45. f4 Rf6 46.
Kh3 Rd7 47. Qc4+ Rd5 48. Qb3 Re6 49. Qb7+ Kf6 50. Qc8 Ke7 51. Qb7+ Kf6 1/2-1/2

[Event "M.Botvinnik Memorial 2012"]
[Site "St. Petersburg, Russia"]
[Date "2012.08.29"]
[Round "5.31"]
[White "Kabanov, Nikolai"]
[Black "Palachev, Petr"]
[Result "1/2-1/2"]
[WhiteElo "2501"]
[BlackElo "2290"]
[PlyCount "87"]
[EventDate "2012.08.25"]

1. e4 e6 2. d3 d5 3. Nd2 Nf6 4. Ngf3 c5 5. g3 Nc6 6. Bg2 Be7 7. O-O O-O 8. Re1
dxe4 9. dxe4 e5 10. c3 Qc7 11. Qe2 Rd8 12. a4 b6 13. Nh4 Be6 14. Nf5 Bf8 15.
Nc4 h6 16. h3 Kh7 17. g4 g6 18. Ng3 Bg7 19. Be3 Nd4 20. cxd4 cxd4 21. Rec1 dxe3
22. Nxe3 Qb7 23. a5 bxa5 24. Rxa5 Rab8 25. Rc2 Rdc8 26. Nd5 Rxc2 27. Qxc2 Qxb2
28. Qxb2 Rxb2 29. Rxa7 Rd2 30. Ne3 Bf8 31. Rc7 Nd7 32. Rc2 Rxc2 33. Nxc2 Bc5
34. Bf1 Kg7 35. Be2 Bb3 36. Ne1 Nf8 37. Nf3 Kf6 38. Nd2 Ba2 39. Bc4 Bb4 40.
Bxa2 Bxd2 41. h4 Nd7 42. Kg2 Nc5 43. Kf3 Bf4 44. Ne2 1/2-1/2

[Event "M.Botvinnik Memorial 2012"]
[Site "St. Petersburg, Russia"]
[Date "2012.08.29"]
[Round "5.32"]
[White "Bronnikova, Elizaveta"]
[Black "Gavrilov, Alexei"]
[Result "1-0"]
[WhiteElo "2238"]
[BlackElo "2496"]
[PlyCount "79"]
[EventDate "2012.08.25"]

1. e4 e6 2. d4 d5 3. Nc3 Nf6 4. e5 Nfd7 5. f4 c5 6. Nf3 Nc6 7. Be3 Be7 8. Qd2
O-O 9. g3 a6 10. Bg2 b5 11. O-O b4 12. Ne2 a5 13. dxc5 Ba6 14. Rfd1 Nxc5 15.
Nfd4 Nxd4 16. Nxd4 Qc7 17. c3 bxc3 18. Qxc3 Rfc8 19. b3 Qb7 20. Qd2 Ne4 21.
Bxe4 dxe4 22. Rac1 Bb4 23. Qf2 Bd3 24. Rxc8+ Rxc8 25. Rc1 Rxc1+ 26. Bxc1 Qd5
27. Be3 h6 28. Qb2 Kh7 29. h3 Bc5 30. Kf2 g5 31. Qc3 gxf4 32. gxf4 Bb1 33. Nc2
Be7 34. Qc7 Bh4+ 35. Kg2 Kg7 36. Nd4 a4 37. f5 Kg8 38. fxe6 fxe6 39. Bxh6 e3+
40. Nf3 1-0

[Event "M.Botvinnik Memorial 2012"]
[Site "St. Petersburg, Russia"]
[Date "2012.08.29"]
[Round "5.33"]
[White "Cherniaev, Alexander"]
[Black "Martynov, Pavel"]
[Result "1/2-1/2"]
[WhiteElo "2486"]
[BlackElo "2289"]
[PlyCount "80"]
[EventDate "2012.08.25"]

1. c4 c6 2. e4 d5 3. exd5 cxd5 4. d4 Nf6 5. Nc3 Nc6 6. Bg5 dxc4 7. Bxc4 e6 8.
Nf3 Be7 9. O-O O-O 10. a3 b6 11. Qd3 Bb7 12. Rad1 Rc8 13. Ba2 Rc7 14. Bb1 g6
15. h4 Rd7 16. Qe3 Nd5 17. Qe2 Nf6 18. Qe3 Nd5 19. Qc1 Nf6 20. Qf4 Nd5 21. Nxd5
Rxd5 22. Be4 Bxg5 23. hxg5 Nxd4 24. Qe3 Nxf3+ 25. Bxf3 Rxd1 26. Rxd1 Qe7 27.
Bxb7 Qxb7 28. Qe5 Rc8 29. Qf6 Qc7 30. b4 b5 31. f4 Re8 32. Kh1 Re7 33. Rd3 Rd7
34. Rxd7 Qxd7 35. Qe5 Qc8 36. Kh2 a6 37. g4 Qf8 38. Kg3 Qc8 39. Kf2 Qc2+ 40.
Kg3 Qc8 1/2-1/2

[Event "M.Botvinnik Memorial 2012"]
[Site "St. Petersburg, Russia"]
[Date "2012.08.29"]
[Round "5.34"]
[White "Chetverik, Maxim"]
[Black "Predke, Alexandr"]
[Result "0-1"]
[WhiteElo "2272"]
[BlackElo "2483"]
[PlyCount "88"]
[EventDate "2012.08.25"]

1. d4 Nf6 2. c4 e6 3. Nf3 c5 4. d5 b5 5. Bg5 h6 6. Bxf6 Qxf6 7. Qc2 b4 8. Nbd2
d6 9. dxe6 Qxe6 10. e3 Bb7 11. Bd3 g6 12. Be4 Nc6 13. Bd5 Qe7 14. O-O-O Bg7 15.
Qe4 Rc8 16. g4 Rc7 17. Qxe7+ Kxe7 18. Ne4 a5 19. h4 Bc8 20. Rhg1 a4 21. Rd2 Rd8
22. g5 h5 23. Nf6 Na5 24. e4 Bxf6 25. gxf6+ Kxf6 26. Ng5 Ba6 27. Bxf7 Rxf7 28.
e5+ Ke7 29. exd6+ Kf6 30. Nxf7 Kxf7 31. d7 Bxc4 32. Rd6 Bxa2 33. Rgxg6 Rxd7 34.
Rxd7+ Kxg6 35. Rc7 Nb3+ 36. Kd1 Nd4 37. Kd2 Bb3 38. Ra7 c4 39. f4 Nf3+ 40. Ke2
Nxh4 41. Ra6+ Kf7 42. Kd2 Nf3+ 43. Ke3 c3 44. bxc3 bxc3 0-1

[Event "M.Botvinnik Memorial 2012"]
[Site "St. Petersburg, Russia"]
[Date "2012.08.29"]
[Round "5.35"]
[White "Matsenko, Sergei"]
[Black "Krivonos, Nikolay"]
[Result "0-1"]
[WhiteElo "2468"]
[BlackElo "2258"]
[PlyCount "106"]
[EventDate "2012.08.25"]

1. d4 d5 2. Nf3 c6 3. c4 e6 4. Nc3 f5 5. g4 Nf6 6. gxf5 exf5 7. Rg1 g6 8. Bg5
dxc4 9. e4 fxe4 10. Bxc4 exf3 11. Qb3 Qe7+ 12. Kd2 Qd6 13. Rae1+ Be7 14. Kc1
Kd8 15. Re5 Nbd7 16. Ne4 Qxd4 17. Rxe7 Kxe7 18. Nxf6 h6 19. Nd5+ Kf8 20. Nf4
Ne5 21. Nxg6+ Kg7 22. Nxe5 hxg5 23. Rxg5+ Kf6 24. Nxf3 Qf4+ 25. Kb1 Bf5+ 26.
Bd3 Bxd3+ 27. Qxd3 Rhg8 28. Qc3+ Ke7 29. Re5+ Kd7 30. Qd3+ Kc8 31. a3 Qf7 32.
Nd4 Qd7 33. Qe4 a5 34. Nf5 Kb8 35. h4 a4 36. Ng3 Rd8 37. Ne2 Qd3+ 38. Qxd3 Rxd3
39. Nc3 b5 40. Ne4 Kc7 41. h5 Rh3 42. Ng5 Rh2 43. Rf5 Re8 44. Kc2 Re2+ 45. Kc3
Kb6 46. b3 axb3 47. Kxb3 Rexf2 48. Rxf2 Rxf2 49. h6 Rh2 50. h7 c5 51. Kc3 Rh4
52. Kb3 Ka5 53. Kb2 c4 0-1

[Event "M.Botvinnik Memorial 2012"]
[Site "St. Petersburg, Russia"]
[Date "2012.08.29"]
[Round "5.36"]
[White "Kopylov, Alexander A"]
[Black "Zimmermann, Ulrich"]
[Result "1/2-1/2"]
[WhiteElo "2449"]
[BlackElo "2219"]
[PlyCount "105"]
[EventDate "2012.08.25"]

1. d4 Nf6 2. Nf3 e6 3. g3 b5 4. Bg2 Bb7 5. c3 Be7 6. Qb3 a6 7. a4 Bd5 8. Qc2
Be4 9. Qb3 Bd5 10. Qc2 Be4 11. Qd1 bxa4 12. Qxa4 c5 13. dxc5 Bxc5 14. O-O Bc6
15. Qc2 O-O 16. Nbd2 a5 17. Ng5 Bxg2 18. Kxg2 d5 19. b4 Be7 20. Nb3 Nc6 21. b5
Ne5 22. Nf3 Nc4 23. Nfd2 Qb6 24. Nxc4 dxc4 25. Nd4 Bc5 26. Ra4 Bxd4 27. cxd4
Qxd4 28. Rxc4 Qd5+ 29. e4 Qxb5 30. Bb2 Rfd8 31. Ra1 h6 32. Raa4 Qg5 33. Rc5 Qd2
34. Qxd2 Rxd2 35. Bxf6 gxf6 36. Raxa5 Rxa5 37. Rxa5 Kg7 38. h4 Kg6 39. Kf3 Rb2
40. Ra3 Kg7 41. Re3 Kg6 42. Re2 Rb3+ 43. Kg4 Rb5 44. Rd2 Rb4 45. Kf3 Rb3+ 46.
Kg2 Rb4 47. f3 Rb3 48. Rf2 Re3 49. Kh3 Ra3 50. Kg4 Ra5 51. Rh2 Ra4 52. h5+ Kg7
53. Kh3 1/2-1/2

[Event "M.Botvinnik Memorial 2012"]
[Site "St. Petersburg, Russia"]
[Date "2012.08.29"]
[Round "5.37"]
[White "Chekhov, Sergei"]
[Black "Palchun, Grigory"]
[Result "1-0"]
[WhiteElo "2444"]
[BlackElo "2189"]
[PlyCount "43"]
[EventDate "2012.08.25"]

1. e4 c5 2. c3 d5 3. exd5 Qxd5 4. d4 Nf6 5. Nf3 Bg4 6. Qa4+ Nc6 7. Bc4 Qe4+ 8.
Be3 Bxf3 9. Nd2 Qg6 10. Nxf3 Qxg2 11. Ke2 e6 12. Rhg1 Qh3 13. Rg3 Qh5 14. Rg5
Qh3 15. Bb5 Nd7 16. Bxc6 bxc6 17. Qxc6 Rd8 18. dxc5 h6 19. Rgg1 Qf5 20. Rad1
Bxc5 21. Rxd7 Rxd7 22. Rd1 1-0

[Event "M.Botvinnik Memorial 2012"]
[Site "St. Petersburg, Russia"]
[Date "2012.08.29"]
[Round "5.38"]
[White "Malakhov, Igor"]
[Black "Manin, Viktor"]
[Result "1-0"]
[WhiteElo "2442"]
[BlackElo "2181"]
[PlyCount "93"]
[EventDate "2012.08.25"]

1. e4 e5 2. Nf3 Nc6 3. Bb5 a6 4. Ba4 Nf6 5. O-O Be7 6. Re1 b5 7. Bb3 d6 8. c3
O-O 9. h3 Na5 10. Bc2 c5 11. d4 Qc7 12. Nbd2 Nc6 13. d5 Nd8 14. a4 Ra7 15. Nf1
Nd7 16. Be3 Nb6 17. b3 bxa4 18. bxa4 Nc4 19. Bc1 Na5 20. Qe2 Bd7 21. Rb1 f6 22.
Ne3 Nf7 23. Nd2 Nh8 24. Nf5 Bd8 25. Nf1 Bxf5 26. exf5 c4 27. Rb4 Qc8 28. Be3
Rb7 29. Reb1 Rff7 30. Nd2 Rxb4 31. Rxb4 Rb7 32. Be4 Rxb4 33. cxb4 c3 34. bxa5
cxd2 35. Bxd2 Nf7 36. Kh2 Kf8 37. Bb4 Ke7 38. Qc2 Qb7 39. Qc4 Bc7 40. Bd3 Nd8
41. Bd2 Bb8 42. Qxa6 Qxd5 43. Be3 e4 44. Bb5 Qe5+ 45. g3 d5 46. Qc8 Bc7 47. Bf4
1-0

[Event "M.Botvinnik Memorial 2012"]
[Site "St. Petersburg, Russia"]
[Date "2012.08.29"]
[Round "5.39"]
[White "Gordievsky, Dmitry"]
[Black "Balaian, Alina"]
[Result "1-0"]
[WhiteElo "2437"]
[BlackElo "2179"]
[PlyCount "101"]
[EventDate "2012.08.25"]

1. d4 Nf6 2. c4 g6 3. Nc3 Bg7 4. e4 d6 5. Be2 O-O 6. Bg5 c6 7. Qd2 Nbd7 8. f3
Qa5 9. Rb1 c5 10. d5 Qd8 11. Nh3 b6 12. Bh6 Re8 13. Bxg7 Kxg7 14. Nf2 e6 15.
dxe6 Rxe6 16. Nd3 Nh5 17. O-O Ba6 18. g4 Nhf6 19. Nf4 Re8 20. Qxd6 Ne5 21. Qxd8
Raxd8 22. g5 Ng8 23. b3 Rd2 24. Kf2 Ne7 25. Rfd1 Rc2 26. Rdc1 Rxc1 27. Rxc1
N7c6 28. Nfd5 Rd8 29. f4 Nd7 30. h4 Nd4 31. Bg4 f5 32. gxf6+ Nxf6 33. Nxf6 Kxf6
34. Nd5+ Kf7 35. h5 Bc8 36. hxg6+ hxg6 37. Bxc8 Rxc8 38. Rh1 Kg7 39. e5 Ne6 40.
Ke3 Rf8 41. Nf6 Rh8 42. Rxh8 Kxh8 43. Ke4 Kg7 44. Ne8+ Kf8 45. Nd6 a6 46. f5
gxf5+ 47. Kxf5 Ke7 48. Nc8+ Kf7 49. Nxb6 Nd4+ 50. Ke4 Ke6 51. Na4 1-0

[Event "M.Botvinnik Memorial 2012"]
[Site "St. Petersburg, Russia"]
[Date "2012.08.29"]
[Round "5.40"]
[White "Smirnov, Alexey"]
[Black "Kiselev, Pavel"]
[Result "0-1"]
[WhiteElo "2416"]
[BlackElo "2179"]
[PlyCount "82"]
[EventDate "2012.08.25"]

1. d4 Nf6 2. c4 g6 3. Nc3 Bg7 4. e4 d6 5. Nf3 O-O 6. Be2 e5 7. O-O Nc6 8. d5
Ne7 9. Ne1 Nd7 10. Be3 f5 11. f3 f4 12. Bf2 g5 13. Rc1 Ng6 14. c5 Nxc5 15. b4
Na6 16. Nb5 Bd7 17. Nxa7 h5 18. Bxa6 bxa6 19. Nc6 Qe8 20. a4 Rf7 21. Kh1 Bf8
22. Qb3 g4 23. a5 Rg7 24. Nd3 h4 25. fxg4 Bxg4 26. h3 Be2 27. Rfe1 Bh5 28. Rg1
f3 29. g4 hxg3 30. Rxg3 Kh8 31. Rcg1 Rh7 32. Ne1 Bh6 33. Nxf3 Qf7 34. Ncd4 exd4
35. Bxd4+ Bg7 36. Ng5 Qf4 37. Qd3 Ne5 38. Qc2 Bg6 39. Be3 Qh4 40. Qxc7 Bxe4+
41. Kh2 Ng4+ 0-1

[Event "M.Botvinnik Memorial 2012"]
[Site "St. Petersburg, Russia"]
[Date "2012.08.29"]
[Round "5.41"]
[White "Ganichev, Alexander"]
[Black "Romanko, Marina"]
[Result "1-0"]
[WhiteElo "2227"]
[BlackElo "2399"]
[PlyCount "127"]
[EventDate "2012.08.25"]

1. e4 c6 2. d4 d5 3. Nc3 dxe4 4. Nxe4 Bf5 5. Ng3 Bg6 6. Nh3 Nf6 7. Nf4 e5 8.
dxe5 Qa5+ 9. c3 Qxe5+ 10. Be2 Nbd7 11. O-O Bc5 12. Nd3 Bxd3 13. Bxd3 O-O 14.
Qf3 Rfe8 15. Bd2 Qc7 16. Nh5 Nxh5 17. Qxh5 g6 18. Qh3 Rad8 19. Bg5 Be7 20. Be3
Nf6 21. Rad1 Nd5 22. Rfe1 Nf4 23. Bxf4 Qxf4 24. Qe3 Qb8 25. Qf3 Kg7 26. g3 Bf6
27. Rxe8 Rxe8 28. Bc4 Qc7 29. Kg2 Re7 30. Rd2 a5 31. a4 h5 32. h4 Re5 33. Re2
Rf5 34. Qd3 b5 35. Bb3 Qa7 36. Qd6 Qc5 37. Qxc5 Rxc5 38. Rd2 bxa4 39. Bxa4 Rd5
40. Rxd5 cxd5 41. Kf3 g5 42. hxg5 Bxg5 43. Bc6 Bc1 44. b4 d4 45. bxa5 dxc3 46.
a6 Ba3 47. Be4 Bc5 48. Ke2 Kh6 49. f4 h4 50. g4 Kg7 51. Kd3 Kf8 52. Kxc3 Ke7
53. g5 h3 54. f5 Bg1 55. Kd3 Kd6 56. Ke2 Ke5 57. Kf3 h2 58. Kg2 Kd6 59. Bc2 Ke5
60. Bb1 Kd6 61. Bc2 Ke5 62. Bd3 Kd6 63. Bc4 Ke5 64. Be6 1-0

[Event "M.Botvinnik Memorial 2012"]
[Site "St. Petersburg, Russia"]
[Date "2012.08.29"]
[Round "5.43"]
[White "Ponfilenok, Vladimir"]
[Black "Emdin, Mark"]
[Result "1-0"]
[WhiteElo "2392"]
[BlackElo "2109"]
[PlyCount "85"]
[EventDate "2012.08.25"]

1. d4 d5 2. Nf3 Nf6 3. c4 c6 4. e3 Bf5 5. Nc3 e6 6. Nh4 Bg6 7. Nxg6 hxg6 8. Bd3
Bd6 9. h3 Nbd7 10. O-O g5 11. cxd5 cxd5 12. e4 dxe4 13. Nxe4 Nxe4 14. Bxe4 f5
15. Bxb7 Rb8 16. Bc6 g4 17. Qe2 Kf7 18. Re1 Nf8 19. g3 Rxh3 20. Bg2 Rh8 21. b3
Qe7 22. Bd2 Nh7 23. Rac1 Rhc8 24. Qa6 Rd8 25. Rc6 Rd7 26. Qc4 Nf8 27. Bc3 Re8
28. Re3 Qf6 29. Qe2 Ng6 30. Qa6 Qd8 31. Ba5 Qe7 32. Bd5 Nf8 33. Bxe6+ Nxe6 34.
d5 Nd4 35. Rxe7+ Bxe7 36. Qc4 Nf3+ 37. Kg2 Bf6 38. d6+ Kg6 39. Rc7 Ne5 40. Rxd7
Nxc4 41. bxc4 Bd4 42. Kf1 Kf6 43. Rb7 1-0

[Event "M.Botvinnik Memorial 2012"]
[Site "St. Petersburg, Russia"]
[Date "2012.08.29"]
[Round "5.44"]
[White "Serov, Maksim"]
[Black "Saveliev, Alexei"]
[Result "1-0"]
[WhiteElo "2370"]
[BlackElo "2081"]
[PlyCount "47"]
[EventDate "2012.08.25"]

1. c4 Nf6 2. d4 e6 3. g3 c5 4. d5 exd5 5. cxd5 b5 6. e4 Nxe4 7. Qe2 Qe7 8. Bg2
Nd6 9. Be3 Bb7 10. Nc3 c4 11. a4 b4 12. Nb5 Nxb5 13. axb5 d6 14. Qxc4 a5 15.
Ne2 Nd7 16. O-O Ne5 17. Qb3 g5 18. Nd4 Bg7 19. Nc6 Qf6 20. Bd4 O-O 21. f4 gxf4
22. gxf4 Qh4 23. fxe5 Bxc6 24. Bf2 1-0

[Event "M.Botvinnik Memorial 2012"]
[Site "St. Petersburg, Russia"]
[Date "2012.08.29"]
[Round "5.45"]
[White "Shulakova, Svetlana"]
[Black "Baghdasaryan, Vahe"]
[Result "0-1"]
[WhiteElo "2123"]
[BlackElo "2368"]
[PlyCount "68"]
[EventDate "2012.08.25"]

1. d4 d5 2. c4 e6 3. Nc3 c6 4. cxd5 exd5 5. Nf3 Bd6 6. e4 dxe4 7. Nxe4 Nf6 8.
Nxd6+ Qxd6 9. Be2 O-O 10. O-O Nd5 11. Ne5 Nd7 12. f4 N7b6 13. Bd3 Nf6 14. Kh1
Rd8 15. Be3 Nbd5 16. Bg1 Ne7 17. f5 Ned5 18. a3 b6 19. h3 Bb7 20. Rc1 Rac8 21.
b4 c5 22. bxc5 bxc5 23. Qd2 cxd4 24. Nc4 Qg3 25. Rf3 Qh4 26. Bf2 Qh5 27. Bxd4
Ne7 28. Rf4 Qxh3+ 29. Kg1 Qg3 30. Rb1 Nh5 31. Rxb7 Nxf4 32. Rxe7 Rxd4 33. Ne5
Rc1+ 34. Bf1 Nh3+ 0-1

[Event "M.Botvinnik Memorial 2012"]
[Site "St. Petersburg, Russia"]
[Date "2012.08.29"]
[Round "5.46"]
[White "Tunik, Gennady"]
[Black "Kukhmazov, Arsen"]
[Result "1-0"]
[WhiteElo "2456"]
[BlackElo "2154"]
[PlyCount "87"]
[EventDate "2012.08.25"]

1. d4 c6 2. c4 d5 3. Nf3 Nf6 4. e3 Bf5 5. Nc3 e6 6. Nh4 Be4 7. f3 Bg6 8. Qb3
Qc7 9. Bd2 Be7 10. g3 dxc4 11. Bxc4 b5 12. Be2 a6 13. Nxg6 hxg6 14. Qc2 c5 15.
dxc5 Bxc5 16. Ne4 Bb6 17. Qxc7 Bxc7 18. Rc1 Kd8 19. Nf2 Nbd7 20. O-O Bd6 21.
Rc6 Ke7 22. Rfc1 Ne5 23. R6c2 Ra7 24. e4 Ned7 25. Nd3 a5 26. Rc6 Rb8 27. Rxd6
Kxd6 28. e5+ Ke7 29. exf6+ gxf6 30. h4 f5 31. Kf2 Raa8 32. a3 e5 33. b4 a4 34.
Nc5 Nf8 35. Bh6 Rb6 36. Rd1 Ne6 37. Nxe6 Kxe6 38. Be3 Rb7 39. Bc5 Ra6 40. Rd8
Kf6 41. g4 f4 42. Bd3 Ke6 43. Re8+ Kf6 44. g5+ 1-0